Inovační strategie

Salvato in:
Dettagli Bibliografici
Autore principale: Pitra, Zbyněk
Natura: Libro
Lingua:ceco
Pubblicazione: Praha Grada Publishing 1997
Soggetti:
Tags: Aggiungi Tag
Nessun Tag, puoi essere il primo ad aggiungerne!!

MARC

LEADER 00000nam a2200000 4500
001 c020177
005 20221129110210.6
020 |a 80-7169-461-4 
041 0 |a cze 
044 |a CZ 
245 1 0 |a Inovační strategie  |c Zbyněk Pitra 
264 1 |a Praha  |b Grada Publishing  |c 1997 
300 |a 177 s. 
610 2 0 |a inovácia 
610 2 0 |a výroba 
610 2 0 |a podnikanie 
610 2 0 |a stratégia podniková 
610 2 0 |a výrobky nové 
610 2 0 |a zmeny organizačné 
610 2 0 |a príručky 
100 1 |a Pitra, Zbyněk